| Tag |
First Indicator |
Second Indicator |
Subfields |
| LEADER |
00000nam a2200000 4500 |
| 001 |
in00004228313 |
| 005 |
20200806095357.0 |
| 006 |
m g d |
| 007 |
cr bn |||a|bb| |
| 008 |
910108s1638 enk o 00| | eng d |
| 035 |
|
|
|a (UnM)99839762
|
| 037 |
|
|
|a CL0036000041
|b ProQuest. 789 E. Eisenhower Parkway, Ann Arbor, MI 48108-3218
|
| 040 |
|
|
|a Cu-RivES
|c Cu-RivES
|d CStRLIN
|e dcrb
|d WaOLN
|
| 100 |
1 |
|
|a Herbert, George,
|d 1593-1633.
|
| 245 |
0 |
4 |
|a The temple :
|b Sacred poems, and private ejaculations. By Mr. George Herbert, late oratour of the Universitie of Cambridge.
|
| 250 |
|
|
|a The fifth edition.
|
| 260 |
|
|
|a [Cambridge] :
|b Printed by T. Buck, and R. Daniel, printers to the Universitie of Cambridge,
|c 1635.
|
| 300 |
|
|
|a 1 online resource ([8], 192, [4] pages)
|
| 336 |
|
|
|a text
|b txt
|2 rdacontent
|
| 337 |
|
|
|a computer
|b c
|2 rdamedia
|
| 338 |
|
|
|a online resource
|b cr
|2 rdacarrier
|
| 500 |
|
|
|a Edited by Nicholas Ferrar.
|
| 500 |
|
|
|a In verse.
|
| 500 |
|
|
|a Includes index.
|
| 500 |
|
|
|a Reproduction of the original in the Yale University. Library.
|
| 510 |
4 |
|
|a STC (2nd edition)
|c 13188.
|
| 533 |
|
|
|a Electronic reproduction.
|b Ann Arbor, Mich. :
|c UMI,
|d 1999-
|f (Early English books online)
|n Digital version of: (Early English books, 1475-1640 ; 1487:16)
|7 s1999 miun s
|
| 700 |
1 |
|
|a Ferrar, Nicholas,
|d 1592-1637.
|
| 830 |
|
0 |
|a Early English books online.
|
| 856 |
4 |
0 |
|u http://proxy.library.tamu.edu/login?url=https://search.proquest.com/docview/2248573904
|z Connect to the full text of this electronic book
|t 0
|
| 999 |
f |
f |
|s 0780a2b9-5845-385e-8c7c-f321ebefc2d1
|i a193ae0f-1ab4-3b5c-b0e9-8ec35b175555
|t 0
|
| 952 |
f |
f |
|a Texas A&M University
|b College Station
|c Electronic Resources
|d Available Online
|t 0
|h No information provided
|
| 998 |
f |
f |
|t 0
|l Available Online
|